000 00308nam a22001337a 4500
008 170502b xxu||||| |||| 00| 0 eng d
020 _a1566625890
041 _aeng
080 _a341
100 _a13
101 _aSHJ
245 _aINTERNATIONAL ENVIRONMENTAL LAW AND POLICY
_cHUNTER, D
942 _2udc
_cBK
999 _c12337
_d12337